| 000 | 00568nam a2200109Ia 4500 | ||
|---|---|---|---|
| 008 | 171212s9999 xx 000 0 und d | ||
| 100 | _aChinman, Matthew;Hunter, Sarah B.;Cannon, Jill S.;Kilburn, M. Rebecca;Harvey, Melody | ||
| 245 |
_cChinman, Matthew;Hunter, Sarah B.;Cannon, Jill S.;Kilburn, M. Rebecca;Harvey, Melody _aProcess Evaluation of the New Mexico Maternal, Infant, and Early Childhood Home Visiting Competitive Development Grant |
||
| 260 |
_bRAND Corporation _c2014 |
||
| 650 | _aHealth Sciences | ||
| 856 | _uhttp://www.jstor.org/stable/10.7249/j.ctt14bs39b | ||
| 999 |
_c352433 _d352433 |
||